| 000 | 00649nam a22001817a 4500 | ||
|---|---|---|---|
| 999 |
_c167360 _d167360 |
||
| 005 | 20220215123807.0 | ||
| 010 | _aENG-126361 | ||
| 020 |
_c699.00 _a978-93-8676-196-5 |
||
| 035 | _aEN-109893 | ||
| 037 | _bDBAD/PUB | ||
| 082 | _a020.92 | ||
| 100 | _aGoswami,P R | ||
| 245 |
_aCorridor Of Books: _bmemorise, ideas and reflections of A library worker/ _c by P R Goswami |
||
| 260 |
_bPublished By Ane Books _c2019 _aDelhi |
||
| 270 |
_a4821,Parwana Bhawan, 1st Floor,24 Ansari Road,Darya Ganj, _bDelhi _e110002 _k011-23276843-44 _mkapoor@anebooks.com _l011-23276863 |
||
| 300 |
_axii272p. _c25cm(hb) |
||
| 942 |
_2ddc _cEN _h020.92 _mGOS |
||